| 000 | 00435nam a2200181Ia 4500 | ||
|---|---|---|---|
| 008 | 210210b1925 xxu||||| |||| 00| 0 eng d | ||
| 041 | _aeng | ||
| 082 | _a388/14 | ||
| 100 | _aDOWLING (Wayland L) | ||
| 245 | _aMathematics of life insurance | ||
| 260 |
_aNew York _bMcGraw Hill Book Company _c1925 |
||
| 300 | _a121 | ||
| 650 | _aMathematics | ||
| 650 | _alife | ||
| 650 | _ainsurance | ||
| 690 | _aInsurance | ||
| 906 | _a005673 | ||
| 999 |
_c125707 _d125707 |
||